LDR 01746namaa2200337 i 4500 001 000000178698 003 CaOOAMICUS 005 20260513093655.0 007 tu 008 260506s2025 it m 001 udita r 040 $aPUL$bita$erda 100 1 $aLodato, Davide,$eautore dissertazione.$0(OLS)http://pul/name/114986 245 13$aUn approfondimento teorico-pratico dello spirituale a partire da V.E.Frankl.$bQuali possibili implicazioni etiche in prospettiva pedagogico-pastorale? /$cDavide Lodato. 264 1$aPadova :$bFacoltà Teologica del Triveneto,$c2025. 300 $a167 pagine ;$c24 cm 336 $atesto$btxt$2rdacontent 337 $asenza mediazione$bn$2rdamedia 338 $avolume$bnc$2rdacarrier 500 $aData della pubblicazione desunta da verso del front: Imprimi potest 7 maggio 2025. 504 $aBibliografia: pagine 135-163. 650 4$aTeologia morale$xStudi.$0(OLS)http://pul/subject/5138 700 1 $aBertazzo, Antonio,$erelatore di tesi.$0(OLS)http://pul/name/112829 700 1 $aPasinato, Matteo,$erelatore di tesi.$0(OLS)http://pul/name/71503 700 1 $aRamina, Antonio,$erelatore di tesi.$0(OLS)http://pul/name/89027 710 2 $aFacoltà Teologica del Triveneto.$kTesi.$0(OLS)http://pul/name/86198 850 $aPUL 852 $aPUL$W1$xDP1 Tesi Varie$y51$m2025 B 10$j202361$qTesi$B207892$CPULBib$Z2$F207892 $Hnull $82 941 1 $a16 996 $6245$aUn approfondimento teorico-pratico dello spirituale a partire da V.E.Frankl.$bQuali possibili implicazioni etiche in prospettiva pedagogico-pastorale?$9(OLS)http://pul/title/220275 996 $6264$aPadova :$bFacoltà Teologica del Triveneto$9(OLS)http://pul/publisher/80058